书目信息 |
| 题名: |
人权论
|
|
| 作者: | 张春津 | |
| 分册: | ||
| 出版信息: | 天津 天津人民出版社 89.4 |
|
| 页数: | 163页 | |
| 开本: | 19cm | |
| 丛书名: | ||
| 单 册: | ||
| 中图分类: | D9 | |
| 科图分类: | ||
| 主题词: | 法律 | |
| 电子资源: | ||
| ISBN: | 978-986-255-696-2 | |
| 000 | 00491nam0 2200193 45 | |
| 001 | 0308271038 | |
| 005 | 20030827104524.5 | |
| 010 | @a978-986-255-696-2@dRMB1.85 | |
| 100 | @a20030827d1989 km y0chiy0120 ea | |
| 101 | @achi | |
| 105 | @a z 000yy | |
| 200 | 1 | @a人权论@Aren quan lun@f张春津@Fzhang chun jin |
| 210 | @a天津@c天津人民出版社@d89.4 | |
| 215 | @a163页@c无图表@d19cm | |
| 606 | 0 | @a法律 |
| 690 | @aD9@v3 | |
| 701 | 0 | @a张春津 |
| 801 | @aCN@b@c20030827 | |
| 905 | @aBZT@dD9@e21 | |
| 人权论/张春津.-天津:天津人民出版社,89.4 |
| 163页:无图表;19cm |
| ISBN 978-986-255-696-2:RMB1.85 |
| ● |
| 相关链接 |
|
|
|
正题名:人权论
索取号:D9/21
 
预约/预借
| 序号 | 登录号 | 条形码 | 馆藏地/架位号 | 状态 | 备注 |
| 1 | 7583 | 200509654 | 中心书库南/012架A面1层6列/ [索取号:D9/21] | 在馆 | |
| 2 | 7584 | 200509636 | 中心书库南/007架A面3层4列/ [索取号:D9/21] | 在馆 |